Представление документа в формате MARC21

Поле Инд. ПП Название Значение
Тип записи a
Библиографический уровень m
001 Контрольный номер 7e00c75a61854c978d27401cd1dc72e1
005 Дата корректировки 20220525005606.1
008 Кодируемые данные 220525s1977 ru |||||||||||000|||rus|d
040 a Служба первич. каталог. ЦГБ г. В. Луки
b Код языка каталог. rus
041 0_ a Код языка текста rus
084 2 Источник индекса rubbk
a Индекс другой классификации/Индекс ББК 65.9(2)
090 x Авторский знак Р 47
j Имя библиотеки ЦГБ г. В. Луки
097 b Оператор КЕИ-р
245 10 a Заглавие Решения партии и правительства по хозяйственным вопросам
b Продолж. заглавия сборник документов
n Номер части/ раздела Т. 11
p Название части/ раздела Ноябрь 1975 года - июнь 1977 года
260 a Место издания Москва
b Издательство Политиздат
c Дата издания 1977
300 a Объем 735 с.
650 14 a Основная рубрика Экономика
653 1_ a Ключевые слова экономика
901 t Тип документа m